| 000 | 00617nam a22002417a 4500 | ||
|---|---|---|---|
| 003 | UA-OsUOA | ||
| 001 | 23284 | ||
| 007 | ta | ||
| 008 | 20040116b un ||||| |||| 00| 0 ukr d | ||
| 090 |
_a371 _bП24 |
||
| 942 | _cBK | ||
| 040 |
_aUA-OsUOA _bukr _cUA-OsUOA _dUA-OsUOA |
||
| 245 |
_aПедагогічна майстерність _bПідручник _cРед. І.А.Зязюн |
||
| 300 |
_a349 с. _bІлюстрації |
||
| 955 | _a0 | ||
| 041 | _aukr | ||
| 080 | _a371 | ||
| 020 | _a5-11-004706-5 | ||
| 260 |
_aКиїв _bВища школа _c1997 |
||
| 044 | _aUA | ||
| 650 | 7 | _2UDC | |
| 999 |
_c309529 _d309529 |
||